| 000 | 00352nam a2200145Ia 4500 | ||
|---|---|---|---|
| 008 | 150201s2010 xx 000 0 und d | ||
| 082 |
_a617.632 _bP2011C |
||
| 100 | _aANGUS , CAMERON | ||
| 245 | _aHAND BOOK OF PEDIATRIC DENTISTRY | ||
| 250 | _a3RD | ||
| 260 |
_bMOSBY _aEDINBURGH _c2010 |
||
| 300 | _a1-478 | ||
| 650 | _aPEDODONTICS | ||
| 942 |
_2ddc _cBK |
||
| 999 |
_c4737 _d4737 |
||